000 00395nam a2200157Ia 4500
008 230711s9999||||xx |||||||||||||| ||und||
041 _aENG
082 _a620
_bAG-F
100 _aAgrawal,SK
245 0 _aFluid mechanics and machinery
250 _a2nd Ed.
260 _c2007
_aNew Delhi
_bTata McGraw Hill Education Limited
300 _a876
650 _aMechanical Engineering
942 _cBK
999 _c4571
_d4571